000 00255nam a22000977a 4500
999 _c11598
_d11598
008 190805b ||||| |||| 00| 0 eng d
020 _a9780241365717
100 _aMills Andrea
_97307
245 _aFindout Animals
260 _aIndia
_bPenguin Random House
_c2018